000
00303nam a22001337a 4500
008
181002b xxu||||| |||| 00| 0 eng d
020
_a
9780023883132
041
_a
eng
080
_2
4th
_a
371
100
_a
25
101
_a
EDU
245
_a
Through the Eyes of a Child
_c
Norton,D.E
942
_2
udc
_c
BK
999
_c
48776
_d
48776